[Event "NED-ch 1998 sf"]
[Site "Enschede"]
[Date "1998.01.08"]
[Round "6"]
[White "Janssen, Ruud"]
[Black "Cifuentes Parada, Roberto"]
[Result "1/2-1/2"]
[WhiteElo "2290"]
[BlackElo "2535"]
[PlyCount "161"]
[EventDate "1998.01.03"]
[Source "ChessBase"]
[SourceDate "1998.03.09"]

1. c4 Nf6 2. Nc3 c5 3. Nf3 e6 4. g3 d5 5. cxd5 Nxd5 6. Bg2 Nc6 7. O-O Be7 8. b3
O-O 9. Bb2 Bf6 10. a3 b6 11. e4 Nxc3 12. dxc3 e5 13. Qc2 Be6 14. Rfd1 Qc7 15.
Nd2 Na5 16. Bf1 c4 17. b4 Nb3 18. Nxb3 cxb3 19. Qe2 a5 20. Qb5 h6 21. c4 Rfc8
22. Rac1 axb4 23. Qxb4 Qc5 24. Qxb3 Bg5 25. Rc3 Qc6 26. Qb5 Ra5 27. Qxc6 Rxc6
28. f3 Be7 29. Kg2 f6 30. Bd3 Bc5 31. Kf1 Bd4 32. Rb3 Bxb2 33. Rxb2 Rxa3 34.
Rc2 Kf8 35. Ke2 Ke7 36. Rdd2 Ra4 37. Ra2 Raxc4 38. Ra7+ Rc7 39. Rda2 R4c6 40.
R2a6 Rxa7 41. Rxa7+ Kf8 42. f4 Bc4 43. fxe5 fxe5 44. Rb7 Bxd3+ 45. Kxd3 Kg8 46.
g4 Kh7 47. Re7 Rc5 48. h4 b5 49. Rb7 h5 50. gxh5 Kh6 51. Kd2 Kxh5 52. Rxg7 Kxh4
53. Kd3 Kh5 54. Rg8 Kh6 55. Kd2 Kh7 56. Rg1 b4 57. Rb1 Rc4 58. Kd3 Rd4+ 59. Ke3
Kg6 60. Ra1 Rd6 61. Rg1+ Kf6 62. Rf1+ Ke6 63. Rh1 Rc6 64. Rh8 Rc3+ 65. Kd2 Rg3
66. Rb8 b3 67. Re8+ Kf6 68. Rf8+ Ke7 69. Rb8 Rh3 70. Kc1 Rd3 71. Kb2 Kf6 72.
Rf8+ Ke7 73. Rb8 Re3 74. Rxb3 Rxe4 75. Kc2 Ke6 76. Kd3 Rh4 77. Ke2 Kf5 78. Rb8
Rh2+ 79. Ke1 Kf4 80. Rb4+ e4 81. Rb3 1/2-1/2

[Event "NED-ch 1998 sf"]
[Site "Enschede"]
[Date "1998.01.08"]
[Round "6"]
[White "Kroeze, Frank"]
[Black "De Boer, Sybolt"]
[Result "1-0"]
[WhiteElo "2395"]
[BlackElo "2285"]
[PlyCount "51"]
[EventDate "1998.01.03"]
[Source "ChessBase"]
[SourceDate "1998.03.09"]

1. e4 c5 2. Nf3 e6 3. c3 Nf6 4. e5 Nd5 5. d4 cxd4 6. cxd4 b6 7. Nc3 Nxc3 8.
bxc3 Qc7 9. Bd2 Bb7 10. Bd3 d6 11. O-O Nd7 12. Ng5 dxe5 13. Qh5 g6 14. Qh3 Be7
15. Rae1 Bd5 16. a4 exd4 17. c4 Bxc4 18. Rc1 Ne5 19. Bf4 Bxg5 20. Rxc4 Qxc4 21.
Bxe5 Qc3 22. Bxh8 Ke7 23. Be5 Rc8 24. Qf3 Rd8 25. h4 Qa5 26. Bb5 1-0

[Event "NED-ch 1998 sf"]
[Site "Enschede"]
[Date "1998.01.08"]
[Round "6"]
[White "Mellegers, Joost"]
[Black "Ernst, Sipke"]
[Result "0-1"]
[WhiteElo "2195"]
[BlackElo "2300"]
[PlyCount "80"]
[EventDate "1998.01.03"]
[Source "ChessBase"]
[SourceDate "1998.03.09"]

1. c4 f5 2. Nf3 Nf6 3. g3 e6 4. Bg2 c6 5. O-O d5 6. d3 Be7 7. Nbd2 Nbd7 8. e4
Nc5 9. e5 Ng4 10. Nb3 dxc4 11. Nxc5 Bxc5 12. d4 Be7 13. h3 Nh6 14. Bxh6 gxh6
15. Nd2 Qxd4 16. Qh5+ Kd8 17. Rad1 Kc7 18. Ne4 Qxe5 19. Qf7 fxe4 20. Qxe7+ Kb8
21. Rfe1 a5 22. Rxe4 Qxb2 23. Qd6+ Ka7 24. Rxc4 Rg8 25. Qc7 Rg7 26. Qd8 Qb6 27.
Ra4 Qxd8 28. Rxd8 Kb8 29. Rf4 Rc7 30. Rff8 b5 31. h4 Kb7 32. f4 a4 33. Bh3 Ra6
34. a3 c5 35. Bg2+ Kb8 36. f5 exf5 37. Rxf5 b4 38. axb4 a3 39. Bd5 cxb4 40. Bb3
Rc1+ 0-1

[Event "NED-ch 1998 sf"]
[Site "Enschede"]
[Date "1998.01.08"]
[Round "6"]
[White "Perez Garcia, Hebert"]
[Black "Bark, Eric"]
[Result "1-0"]
[WhiteElo "2205"]
[BlackElo "2210"]
[PlyCount "81"]
[EventDate "1998.01.03"]
[Source "ChessBase"]
[SourceDate "1998.03.09"]

1. e4 c5 2. Nc3 Nc6 3. g3 g6 4. Bg2 Bg7 5. d3 e6 6. Be3 d6 7. Qd2 Rb8 8. Nf3 e5
9. O-O Nge7 10. Bh6 O-O 11. Bxg7 Kxg7 12. Nh4 b5 13. f4 f6 14. Rf2 b4 15. Nd1
a5 16. Ne3 a4 17. Raf1 b3 18. axb3 axb3 19. c3 Ra8 20. fxe5 dxe5 21. Nd5 Nxd5
22. exd5 Nb8 23. Qe3 Qd6 24. Nf3 Nd7 25. Nd2 Qb6 26. Nc4 Qb8 27. g4 Bb7 28. h4
Ra6 29. Qg3 Nb6 30. Ne3 Nd7 31. Be4 Qa8 32. c4 Ra1 33. Qf3 Rxf1+ 34. Kxf1 Qa6
35. h5 Qa1+ 36. Kg2 Qc1 37. hxg6 hxg6 38. Bxg6 e4 39. Qxe4 Ne5 40. Bh5 Ra8 41.
Qf4 1-0

[Event "NED-ch 1998 sf"]
[Site "Enschede"]
[Date "1998.01.08"]
[Round "6"]
[White "Plasman, Hans"]
[Black "Hopman, Pieter"]
[Result "0-1"]
[WhiteElo "2160"]
[BlackElo "2265"]
[PlyCount "94"]
[EventDate "1998.01.03"]
[Source "ChessBase"]
[SourceDate "1998.03.09"]

1. e4 e6 2. d4 d5 3. Nc3 Bb4 4. e5 c5 5. a3 Bxc3+ 6. bxc3 Qc7 7. Qg4 f5 8. Qg3
Nc6 9. Ne2 c4 10. h4 Qf7 11. a4 Bd7 12. Nf4 Nge7 13. Be2 O-O-O 14. Ba3 Kb8 15.
Kd2 Ka8 16. a5 Rhg8 17. Bc5 g6 18. Nh3 h6 19. f4 Rg7 20. Rhb1 Rdg8 21. Bf3 Nd8
22. Qe1 Bc6 23. Qc1 Nc8 24. Ke2 Qd7 25. Qe3 Nf7 26. Rh1 Qd8 27. Qf2 Be8 28. Rh2
Ne7 29. Qe1 Nc6 30. Bb4 g5 31. hxg5 hxg5 32. Nxg5 Nxg5 33. fxg5 Qxg5 34. Qd2 f4
35. Rah1 Qf5 36. Kd1 b6 37. axb6 axb6 38. Kc1 Kb7 39. Rh4 Nxb4 40. Rxf4 Na2+
41. Kb2 Qg5 42. Kxa2 Bg6 43. Qc1 Ra8+ 44. Kb1 Ra5 45. Rf6 Rb5+ 46. Ka2 Qxc1 47.
Rxc1 Rg8 0-1

[Event "NED-ch 1998 sf"]
[Site "Enschede"]
[Date "1998.01.08"]
[Round "6"]
[White "Van Haastert, Edwin"]
[Black "Van Baarle, John"]
[Result "0-1"]
[WhiteElo "2335"]
[BlackElo "2295"]
[PlyCount "66"]
[EventDate "1998.01.03"]
[Source "ChessBase"]
[SourceDate "1998.03.09"]

1. e4 e5 2. Nf3 Nc6 3. Nc3 Nf6 4. d4 exd4 5. Nd5 Be7 6. Bf4 d6 7. Nxd4 O-O 8.
Nb5 Nxd5 9. exd5 Ne5 10. Be2 Ng6 11. Bg3 Bf6 12. c3 a6 13. Na3 Be5 14. Nc4 Bf4
15. Qd4 Qg5 16. O-O Bd7 17. Bd3 f5 18. Rae1 Rae8 19. Bxf4 Nxf4 20. g3 Nh3+ 21.
Kg2 Rxe1 22. Rxe1 f4 23. f3 b5 24. Na3 fxg3 25. hxg3 Nf4+ 26. Kf2 Nh5 27. Rg1
Qd2+ 28. Be2 Qxb2 29. Nb1 Nf6 30. Nd2 c5 31. dxc6 Bxc6 32. Kg2 b4 33. Qxd6 Bd5
0-1

[Event "NED-ch 1998 sf"]
[Site "Enschede"]
[Date "1998.01.09"]
[Round "7"]
[White "De Boer, Sybolt"]
[Black "Mellegers, Joost"]
[Result "1-0"]
[WhiteElo "2285"]
[BlackElo "2195"]
[PlyCount "73"]
[EventDate "1998.01.03"]
[Source "ChessBase"]
[SourceDate "1998.03.09"]

1. Nf3 Nf6 2. c4 e6 3. g3 d5 4. Bg2 Be7 5. O-O O-O 6. b3 c5 7. e3 Nc6 8. Qe2 b6
9. Bb2 Bb7 10. d3 Qc7 11. Nc3 Rac8 12. Rfd1 Qb8 13. cxd5 exd5 14. d4 Rfd8 15.
dxc5 bxc5 16. Nh4 Nb4 17. Nf5 Bf8 18. Na4 d4 19. exd4 Re8 20. Qb5 Bxg2 21. Qxb8
Rxb8 22. Kxg2 cxd4 23. Bxd4 Re2 24. Nc3 Re6 25. Bxa7 Ra8 26. Bd4 Ne4 27. a4 g6
28. Ne3 Nc6 29. Nxe4 Rxe4 30. Bc3 Bb4 31. Bf6 Be7 32. Nd5 Kf8 33. Nxe7 Nxe7 34.
Rd6 Nf5 35. Rb6 Re6 36. Rxe6 fxe6 37. b4 1-0

[Event "NED-ch 1998 sf"]
[Site "Enschede"]
[Date "1998.01.09"]
[Round "7"]
[White "Ellenbroek, Ton"]
[Black "Plasman, Hans"]
[Result "1/2-1/2"]
[WhiteElo "2090"]
[BlackElo "2160"]
[PlyCount "161"]
[EventDate "1998.01.03"]
[Source "ChessBase"]
[SourceDate "1998.03.09"]

1. d4 Nf6 2. Nc3 d5 3. f3 c5 4. e4 cxd4 5. Qxd4 Nc6 6. Bb5 Bd7 7. Bxc6 Bxc6 8.
e5 Nd7 9. e6 fxe6 10. Bf4 Qb6 11. Qxb6 axb6 12. Nge2 e5 13. Bg3 g6 14. O-O Bg7
15. Rfe1 O-O 16. Nc1 e6 17. Nd3 Rf5 18. Nd1 h5 19. Ne3 Rf7 20. c3 Bb5 21. Nb4
Nc5 22. Nec2 e4 23. Nd4 Bd7 24. Bc7 exf3 25. Nxf3 Na4 26. Ng5 Rf6 27. Rab1 Bh6
28. Nf3 Rc8 29. Be5 Rf7 30. Bd4 Nc5 31. Ne5 Rg7 32. Nbd3 Bb5 33. Nf2 Kh7 34. g4
Rgc7 35. Kh1 Bg7 36. gxh5 gxh5 37. Nh3 Bh6 38. Ng1 Rg8 39. Ngf3 Nd3 40. Rg1
Rxg1+ 41. Rxg1 Nxe5 42. Nxe5 Bc6 43. Bxb6 Rc8 44. Nxc6 Rxc6 45. Bd4 b5 46. Rf1
Rc7 47. Rf6 Bg7 48. Rxe6 Bxd4 49. cxd4 Rc4 50. Kg2 Rxd4 51. Kf3 Rd2 52. Re2 Rd1
53. Rg2 b4 54. b3 Kh6 55. Kf4 h4 56. h3 Rd3 57. Kg4 Rd4+ 58. Kf5 Rd3 59. Rg4
Kh5 60. Rg5+ Kh6 61. Rg4 Rxh3 62. Rxb4 Kh5 63. Rb8 Rf3+ 64. Ke5 Rd3 65. a4 h3
66. Kf4 Kg6 67. Ke5 Kg7 68. Rb7+ Kg6 69. Rb8 Kg7 70. Rb7+ Kg6 71. Rb6+ Kg5 72.
Rb8 Kg4 73. Rg8+ Kf3 74. b4 h2 75. Rh8 Kg2 76. Rxh2+ Kxh2 77. b5 Ra3 78. Kxd5
Rxa4 79. b6 Rb4 80. Kc6 Rxb6+ 81. Kxb6 1/2-1/2

[Event "NED-ch 1998 sf"]
[Site "Enschede"]
[Date "1998.01.09"]
[Round "7"]
[White "Ernst, Sipke"]
[Black "Bosboom, Manuel"]
[Result "0-1"]
[WhiteElo "2300"]
[BlackElo "2450"]
[PlyCount "108"]
[EventDate "1998.01.03"]
[Source "ChessBase"]
[SourceDate "1998.03.09"]

1. d4 g6 2. Nf3 Bg7 3. g3 Nf6 4. Bg2 O-O 5. O-O d6 6. b3 c6 7. Bb2 Qa5 8. Nbd2
Qh5 9. e4 Bg4 10. Qe1 Na6 11. a3 Rad8 12. Nh4 Be2 13. Bf3 Bxf3 14. Nhxf3 c5 15.
Kg2 Nd7 16. Rb1 cxd4 17. Nxd4 Rc8 18. c4 Bh6 19. N2f3 Nac5 20. Qe2 Nf6 21. e5
dxe5 22. Qxe5 Qxe5 23. Nxe5 Nfe4 24. Rfe1 Bg7 25. Ndf3 f6 26. Nd7 Nxd7 27. Rxe4
e5 28. Re2 Rfd8 29. b4 Rxc4 30. Rd1 Kf7 31. Red2 Ke8 32. h3 Rcc8 33. g4 Nb6 34.
Rxd8+ Rxd8 35. Rxd8+ Kxd8 36. Nd2 Bh6 37. Ne4 Nc4 38. Bc3 Ke7 39. b5 b6 40. a4
f5 41. Ng3 Ke6 42. Nf1 Bf4 43. Kf3 Kd5 44. Ke2 Nd6 45. gxf5 gxf5 46. Bb4 Ne4
47. a5 Kc4 48. axb6 axb6 49. Be7 Kxb5 50. Ne3 Nc3+ 51. Kd3 Bxe3 52. fxe3 Ne4
53. Bf8 Kc6 54. Bg7 Kd5 0-1

[Event "NED-ch 1998 sf"]
[Site "Enschede"]
[Date "1998.01.09"]
[Round "7"]
[White "Hendriks, Willy"]
[Black "Perez Garcia, Hebert"]
[Result "1-0"]
[WhiteElo "2345"]
[BlackElo "2205"]
[PlyCount "101"]
[EventDate "1998.01.03"]
[Source "ChessBase"]
[SourceDate "1998.03.09"]

1. e4 e6 2. d4 d5 3. e5 c5 4. c3 Nc6 5. Nf3 Qb6 6. a3 Nh6 7. b4 cxd4 8. cxd4
Nf5 9. Be3 f6 10. Bd3 Nxe3 11. fxe3 Be7 12. O-O O-O 13. exf6 Bxf6 14. Nc3 Ne7
15. Ne5 g6 16. Ng4 Bg5 17. Rxf8+ Kxf8 18. Qf3+ Nf5 19. Rf1 Qc7 20. Ne2 Kg8 21.
Bxf5 exf5 22. h4 Bxh4 23. Qxd5+ Kg7 24. Rc1 Qe7 25. Ne5 Be6 26. Qf3 Rc8 27.
Rxc8 Bxc8 28. Qd5 Bf6 29. Nf4 b6 30. g3 Bg5 31. Qc4 Bxf4 32. exf4 Bb7 33. Kf2
h6 34. Ke3 g5 35. Qc2 Be4 36. Qc8 a5 37. Qc3 axb4 38. axb4 Qb7 39. Qc4 Bd5 40.
Qb5 Be6 41. Nc6 Kh7 42. d5 Bd7 43. Qc4 Be8 44. Ne5 gxf4+ 45. Kxf4 Qe7 46. Kxf5
Qg5+ 47. Ke6 Qg8+ 48. Ke7 Bh5 49. Qc7 Be8 50. Qd8 Qh8 51. Nf7 1-0

[Event "NED-ch 1998 sf"]
[Site "Enschede"]
[Date "1998.01.09"]
[Round "7"]
[White "Hopman, Pieter"]
[Black "Hartoch, Robert G"]
[Result "1/2-1/2"]
[WhiteElo "2265"]
[BlackElo "2320"]
[PlyCount "39"]
[EventDate "1998.01.03"]
[Source "ChessBase"]
[SourceDate "1998.03.09"]

1. d4 g6 2. c4 Bg7 3. e4 Nc6 4. d5 Nd4 5. Nc3 c5 6. Bd3 e5 7. Nge2 d6 8. O-O
Nh6 9. Nxd4 cxd4 10. Na4 O-O 11. b4 f5 12. f3 fxe4 13. Bxe4 Bf5 14. c5 Bxe4 15.
fxe4 Rxf1+ 16. Qxf1 Qd7 17. Qd1 Ng4 18. cxd6 Nf6 19. Nc5 Qxd6 20. Qe1 1/2-1/2

[Event "NED-ch 1998 sf"]
[Site "Enschede"]
[Date "1998.01.09"]
[Round "7"]
[White "Kamstra, Cor"]
[Black "Middelburg, Tom"]
[Result "1-0"]
[WhiteElo "2325"]
[BlackElo "2235"]
[PlyCount "99"]
[EventDate "1998.01.03"]
[Source "ChessBase"]
[SourceDate "1998.03.09"]

1. e4 c5 2. d3 Nc6 3. g3 d5 4. Nd2 Nf6 5. Bg2 e5 6. Ne2 Be6 7. O-O Be7 8. h3
Qc7 9. f4 dxe4 10. dxe4 Rd8 11. f5 Bc4 12. Rf2 O-O 13. Nc3 Ba6 14. g4 h6 15.
Qe1 Nd4 16. Nf1 Nh7 17. Nd5 Rxd5 18. exd5 Bh4 19. Qe3 Bxf2+ 20. Qxf2 Ne2+ 21.
Kh1 Nxc1 22. Rxc1 Bxf1 23. Rxf1 Rd8 24. Re1 f6 25. h4 Qa5 26. a3 b6 27. Qe2 Qa4
28. Be4 Rd6 29. Rg1 Qd4 30. c3 Qa4 31. Rg3 Qb3 32. Rg2 Qa4 33. Kh2 Kf8 34. Rg3
Kg8 35. c4 a5 36. Bc2 Qd7 37. Rb3 Qd8 38. Be4 Nf8 39. Kg2 Nh7 40. Qe3 Qc7 41.
Rb5 Nf8 42. Rb3 Nh7 43. Bc2 Qe7 44. Kf3 Nf8 45. Rb5 Nd7 46. Ke4 Nb8 47. Ba4 Qf7
48. Rb3 h5 49. g5 g6 50. Qh3 1-0

[Event "NED-ch 1998 sf"]
[Site "Enschede"]
[Date "1998.01.09"]
[Round "7"]
[White "Kool, Gerard"]
[Black "Bark, Eric"]
[Result "1-0"]
[WhiteElo "2185"]
[BlackElo "2210"]
[PlyCount "149"]
[EventDate "1998.01.03"]
[Source "ChessBase"]
[SourceDate "1998.03.09"]

1. c4 e6 2. Nf3 b6 3. e3 f5 4. b3 Nf6 5. Bb2 Bb7 6. Be2 a5 7. a3 Be7 8. Nc3 O-O
9. Qc2 d6 10. d4 Ne4 11. Bd3 d5 12. Ne2 Qd6 13. Ne5 Nd7 14. f3 Nxe5 15. dxe5
Qd7 16. Nf4 Nc5 17. Be2 dxc4 18. Bxc4 Rad8 19. O-O Qd2 20. Qxd2 Rxd2 21. Bc3
Rc2 22. Rac1 Rxc1 23. Rxc1 Bc8 24. b4 g5 25. Nh5 axb4 26. Bxb4 Kf7 27. Ng3 Kg6
28. Ne2 h5 29. Nd4 h4 30. Nc6 Rf7 31. Nxe7+ Rxe7 32. Bxc5 bxc5 33. a4 h3 34. a5
hxg2 35. a6 c6 36. Ra1 Ra7 37. Ra5 f4 38. Bd3+ Kh5 39. exf4 gxf4 40. Kxg2 Kg5
41. Kf2 Rd7 42. Bc4 Ra7 43. Rxc5 Bxa6 44. Ra5 Bxc4 45. Rxa7 Kf5 46. h4 Bd3 47.
Rc7 Kxe5 48. Rxc6 Kf6 49. Rd6 Bf5 50. Rd4 e5 51. Rd6+ Kg7 52. Ra6 e4 53. fxe4
Bxe4 54. Ra4 Bc2 55. Rxf4 Bd1 56. Rd4 Bc2 57. Kg3 Bb3 58. Kg4 Ba2 59. Kg5 Be6
60. h5 Kh7 61. Rd6 Bb3 62. Rd7+ Kh8 63. Rc7 Ba2 64. h6 Bb1 65. Rc3 Kh7 66. Kf6
Kh8 67. Rc7 Bh7 68. Rc8+ Bg8 69. Kg5 Kh7 70. Rc7+ Kh8 71. Kg6 Ba2 72. h7 Be6
73. Kh6 Bd7 74. Rb7 Be8 75. Ra7 1-0

[Event "NED-ch 1998 sf"]
[Site "Enschede"]
[Date "1998.01.09"]
[Round "7"]
[White "Kroeze, Frank"]
[Black "Van Haastert, Edwin"]
[Result "1-0"]
[WhiteElo "2395"]
[BlackElo "2335"]
[PlyCount "107"]
[EventDate "1998.01.03"]
[Source "ChessBase"]
[SourceDate "1998.03.09"]

1. e4 e6 2. d4 d5 3. Nd2 Nf6 4. e5 Nfd7 5. c3 c5 6. Bd3 Nc6 7. Ne2 Qb6 8. Nf3
cxd4 9. cxd4 f6 10. exf6 Nxf6 11. O-O Bd6 12. Re1 O-O 13. Nf4 Bd7 14. Nxe6 Rfe8
15. Bf5 Bb4 16. Bd2 Bxd2 17. Qxd2 Ne7 18. Nxg7 Kxg7 19. Qg5+ Ng6 20. Bxd7 Nxd7
21. h4 h6 22. Qxd5 Nf6 23. Qf5 Rad8 24. h5 Nf8 25. Re5 Qc7 26. Rae1 Qf7 27. g4
N6d7 28. Rxe8 Rxe8 29. Qxf7+ Kxf7 30. Rxe8 Kxe8 31. Nh4 Kf7 32. Kg2 Ne6 33. Nf5
Kf6 34. Kg3 Nb6 35. Nxh6 Nxd4 36. f4 Nd5 37. g5+ Kg7 38. f5 Nf6 39. gxf6+ Kxh6
40. Kf4 Nc6 41. Ke4 Nd8 42. Kd5 Kg5 43. Kd6 Kxf6 44. Kc7 Nf7 45. Kxb7 a5 46.
Kb6 a4 47. Kb5 Kg5 48. Kxa4 Kxh5 49. Kb5 Kg5 50. a4 Kxf5 51. a5 Nd6+ 52. Kc6
Ke6 53. a6 Nc8 54. b4 1-0

[Event "NED-ch 1998 sf"]
[Site "Enschede"]
[Date "1998.01.09"]
[Round "7"]
[White "Van Baarle, John"]
[Black "Cifuentes Parada, Roberto"]
[Result "1/2-1/2"]
[WhiteElo "2295"]
[BlackElo "2535"]
[PlyCount "69"]
[EventDate "1998.01.03"]
[Source "ChessBase"]
[SourceDate "1998.03.09"]

1. e4 c5 2. Nf3 Nc6 3. d4 cxd4 4. Nxd4 Nf6 5. Nc3 e6 6. Nxc6 bxc6 7. e5 Nd5 8.
Ne4 f5 9. exf6 Nxf6 10. Nd6+ Bxd6 11. Qxd6 Qb6 12. Bd3 c5 13. Bf4 Bb7 14. O-O
Rc8 15. c4 Qxd6 16. Bxd6 Rc6 17. Bf4 O-O 18. Rfd1 d5 19. f3 Nh5 20. Be5 Nf4 21.
Bf1 Rb6 22. Rd2 d4 23. b4 Rxb4 24. Bd6 Rf5 25. g4 Rb6 26. gxf5 Rxd6 27. Rb1 Bc6
28. Re1 exf5 29. Re5 Ne6 30. Rxf5 g6 31. Re5 Bxf3 32. Bh3 Nf4 33. Bf1 Ne6 34.
Bh3 Nf4 35. Bf1 1/2-1/2

[Event "NED-ch 1998 sf"]
[Site "Enschede"]
[Date "1998.01.09"]
[Round "7"]
[White "Visser, Yge"]
[Black "Blokhuis, Jeroen"]
[Result "1-0"]
[WhiteElo "2360"]
[BlackElo "2205"]
[PlyCount "47"]
[EventDate "1998.01.03"]
[Source "ChessBase"]
[SourceDate "1998.03.09"]

1. e4 c5 2. Nf3 d6 3. c3 Nf6 4. Be2 Nbd7 5. d3 g6 6. Nbd2 Bg7 7. O-O O-O 8. Re1
b6 9. d4 Bb7 10. Bf1 Ne8 11. a3 Qc7 12. b3 Rc8 13. Bb2 Rd8 14. b4 e5 15. Qb3
Nef6 16. d5 Ra8 17. a4 a5 18. bxa5 Rxa5 19. Bb5 Ba6 20. Nc4 Bxb5 21. Nxa5 Bd3
22. c4 Bxe4 23. Nc6 Ra8 24. Ng5 1-0

[Event "NED-ch 1998 sf"]
[Site "Enschede"]
[Date "1998.01.09"]
[Round "7"]
[White "Vogel, Jaap"]
[Black "Barendse, Ted"]
[Result "1/2-1/2"]
[WhiteElo "2280"]
[BlackElo "2240"]
[PlyCount "47"]
[EventDate "1998.01.03"]
[Source "ChessBase"]
[SourceDate "1998.03.09"]

1. Nf3 g6 2. d4 c5 3. c4 Bg7 4. Nc3 cxd4 5. Nxd4 Nc6 6. Nc2 Nf6 7. g3 d6 8. Bg2
Be6 9. Ne3 Qd7 10. Ncd5 O-O 11. Nf4 Rfc8 12. O-O Rab8 13. Rb1 b5 14. b3 bxc4
15. Nxe6 Qxe6 16. Nxc4 Ne4 17. Bb2 d5 18. Nd2 Bxb2 19. Nxe4 dxe4 20. Rxb2 e3
21. Qd5 exf2+ 22. Rxf2 Qxd5 23. Bxd5 Ne5 24. Rf4 1/2-1/2

[Event "NED-ch 1998 sf"]
[Site "Enschede"]
[Date "1998.01.10"]
[Round "8"]
[White "Bark, Eric"]
[Black "Barendse, Ted"]
[Result "1/2-1/2"]
[WhiteElo "2210"]
[BlackElo "2240"]
[PlyCount "96"]
[EventDate "1998.01.03"]
[Source "ChessBase"]
[SourceDate "1998.03.09"]

1. f4 Nf6 2. Nf3 d5 3. g3 c5 4. Bg2 g6 5. O-O Bg7 6. d3 O-O 7. Nc3 Nc6 8. e4
dxe4 9. dxe4 e5 10. Qxd8 Rxd8 11. fxe5 Ng4 12. Bg5 Rf8 13. Nd5 Ngxe5 14. Nxe5
Bxe5 15. c3 Be6 16. Ne7+ Nxe7 17. Bxe7 Rfc8 18. Rfd1 Rc6 19. Rd5 Bxd5 20. exd5
Rc7 21. d6 Rd7 22. Rd1 Kg7 23. Rd5 Bxd6 24. Bxd6 Rad8 25. Be5+ f6 26. Rxd7+
Rxd7 27. Bf4 Rd1+ 28. Bf1 Rb1 29. Bb8 a6 30. b3 Rc1 31. c4 Ra1 32. a4 Rb1 33.
Ba7 Rxb3 34. Bxc5 b6 35. Bf2 Ra3 36. Bxb6 Rxa4 37. c5 Kf8 38. Bd8 f5 39. Bf6
Kf7 40. c6 Ke6 41. Be5 Ra5 42. Bf4 Rc5 43. c7 g5 44. Bxa6 gxf4 45. c8=Q+ Rxc8
46. Bxc8+ Ke5 47. Kf2 fxg3+ 48. hxg3 h5 1/2-1/2

[Event "NED-ch 1998 sf"]
[Site "Enschede"]
[Date "1998.01.10"]
[Round "8"]
[White "Blokhuis, Jeroen"]
[Black "Vogel, Jaap"]
[Result "1/2-1/2"]
[WhiteElo "2205"]
[BlackElo "2280"]
[PlyCount "52"]
[EventDate "1998.01.03"]
[Source "ChessBase"]
[SourceDate "1998.03.09"]

1. e4 e6 2. d4 d5 3. e5 c5 4. c3 Nc6 5. Nf3 Bd7 6. dxc5 Bxc5 7. b4 Be7 8. Bd3
Qc7 9. Bf4 g5 10. Bg3 h5 11. b5 h4 12. bxc6 bxc6 13. Bxh4 gxh4 14. O-O Nh6 15.
Re1 Rb8 16. Nbd2 Qa5 17. Qc2 Qa3 18. Rab1 Rb6 19. Rb3 Qa5 20. Rbb1 Rg8 21. Bf1
Nf5 22. Nb3 Qa4 23. Nfd4 Rg5 24. f4 Rg4 25. Qf2 c5 26. Be2 Rg6 1/2-1/2

[Event "NED-ch 1998 sf"]
[Site "Enschede"]
[Date "1998.01.10"]
[Round "8"]
[White "Bosboom, Manuel"]
[Black "Visser, Yge"]
[Result "1/2-1/2"]
[WhiteElo "2450"]
[BlackElo "2360"]
[PlyCount "90"]
[EventDate "1998.01.03"]
[Source "ChessBase"]
[SourceDate "1998.03.09"]

1. c4 Nf6 2. Nc3 g6 3. g3 Bg7 4. Bg2 O-O 5. Nf3 d6 6. O-O e5 7. d3 Re8 8. Rb1
Nc6 9. Bg5 h6 10. Bxf6 Bxf6 11. b4 Bg7 12. b5 Nd4 13. Ne1 h5 14. e3 Ne6 15. Nf3
Nc5 16. d4 exd4 17. Nxd4 Bg4 18. Qd2 Qd7 19. Nb3 Nxb3 20. axb3 c6 21. bxc6 bxc6
22. Ne2 h4 23. Rfd1 hxg3 24. hxg3 a5 25. Kf1 Be5 26. Re1 Bh3 27. Nd4 Kg7 28.
Kg1 Bxg2 29. Kxg2 a4 30. bxa4 Rxa4 31. Qc2 Rea8 32. Rh1 Bxd4 33. exd4 Ra2 34.
Qe4 Qf5 35. Qxf5 gxf5 36. Rh5 Rd2 37. Rxf5 Rxd4 38. Rb7 Rf8 39. c5 Kg6 40. Rf3
dxc5 41. Rc7 Rd6 42. Rc3 f5 43. Rxc5 Rff6 44. f4 Rd2+ 45. Kh3 Rd1 1/2-1/2

[Event "NED-ch 1998 sf"]
[Site "Enschede"]
[Date "1998.01.10"]
[Round "8"]
[White "Cifuentes Parada, Roberto"]
[Black "Van der Weide, Karel"]
[Result "1-0"]
[WhiteElo "2535"]
[BlackElo "2450"]
[PlyCount "63"]
[EventDate "1998.01.03"]
[Source "ChessBase"]
[SourceDate "1998.03.09"]

1. c4 Nf6 2. Nc3 g6 3. e4 d6 4. d4 Bg7 5. f4 O-O 6. Nf3 c5 7. d5 b5 8. cxb5 a6
9. a4 Qa5 10. Bd2 Qb4 11. Qc2 c4 12. e5 dxe5 13. fxe5 Ng4 14. Ne4 Qb3 15. Qxc4
Qxc4 16. Bxc4 Nxe5 17. Nxe5 Bxe5 18. Bc3 Nd7 19. Ke2 Rd8 20. bxa6 Bxc3 21. Nxc3
Nb6 22. b3 Nxc4 23. bxc4 e6 24. a7 Ba6 25. Nb5 exd5 26. Rhd1 d4 27. Kf2 Rd7 28.
c5 Rd5 29. c6 Rc5 30. Rac1 Rf5+ 31. Kg1 Rf4 32. Nc7 1-0

[Event "NED-ch 1998 sf"]
[Site "Enschede"]
[Date "1998.01.10"]
[Round "8"]
[White "De Boer, Sybolt"]
[Black "Kerkmeester, Heico"]
[Result "1-0"]
[WhiteElo "2285"]
[BlackElo "2250"]
[PlyCount "81"]
[EventDate "1998.01.03"]
[Source "ChessBase"]
[SourceDate "1998.03.09"]

1. Nf3 e6 2. g3 f5 3. Bg2 Nf6 4. d4 d5 5. b3 b6 6. O-O Bb7 7. c4 Na6 8. cxd5
exd5 9. a3 g6 10. b4 c6 11. Bf4 Bg7 12. Be5 O-O 13. Qb3 Ne4 14. Rd1 Nc7 15. Nc3
Ba6 16. Bxg7 Kxg7 17. Ne5 Qe8 18. e3 c5 19. f4 c4 20. Qb2 Nxc3 21. Qxc3 Bb5 22.
g4 Ba4 23. Rdc1 Nb5 24. Qe1 Qe6 25. g5 a6 26. h4 Rfc8 27. h5 Nd6 28. Qh4 Rh8
29. Qh1 Ne4 30. Bxe4 fxe4 31. Ra2 Bd7 32. Rh2 Qf5 33. Rcc2 b5 34. hxg6 hxg6 35.
Rh6 Qh3 36. Rxg6+ Kf8 37. Nxd7+ Ke7 38. Rg7+ Kd6 39. Qxh3 Rxh3 40. Ne5 Rxe3 41.
f5 1-0

[Event "NED-ch 1998 sf"]
[Site "Enschede"]
[Date "1998.01.10"]
[Round "8"]
[White "Delemarre, Jop"]
[Black "Kamstra, Cor"]
[Result "0-1"]
[WhiteElo "2420"]
[BlackElo "2325"]
[PlyCount "120"]
[EventDate "1998.01.03"]
[Source "ChessBase"]
[SourceDate "1998.03.09"]

1. d4 g6 2. c3 Bg7 3. Bg5 d6 4. Nd2 Nf6 5. e4 O-O 6. Ngf3 Nbd7 7. Be2 e5 8. O-O
h6 9. Bh4 exd4 10. cxd4 g5 11. Bg3 Nh5 12. Qc2 Nxg3 13. hxg3 c5 14. Rad1 Qe7
15. Nc4 Nb6 16. Ne3 Bd7 17. Rfe1 Rfe8 18. dxc5 dxc5 19. Nd2 Rad8 20. b3 Bd4 21.
Bf3 Qf6 22. Nf5 Bxf5 23. exf5 Re5 24. g4 Nd5 25. Nc4 Nb4 26. Qb1 Rxe1+ 27. Rxe1
Nd3 28. Rf1 b5 29. Ne3 Bxe3 30. fxe3 Qe5 31. e4 Qc3 32. Kh1 Rd4 33. Qa1 Nf2+
34. Kg1 Qxa1 35. Rxa1 Nxe4 36. Re1 Nc3 37. a3 a5 38. Re5 c4 39. b4 axb4 40.
axb4 Kg7 41. Kf2 Kf6 42. Rc5 Na4 43. Rxb5 c3 44. Ra5 Rc4 45. Ra6+ Ke5 46. Ra5+
Kd6 47. Ra6+ Nb6 48. Ra1 Nd5 49. Ra6+ Ke5 50. Ra5 c2 51. Bxd5 c1=Q 52. Bxc4+
Kf4 53. g3+ Kxg4 54. Be2+ Kh3 55. Ra6 h5 56. Rh6 h4 57. gxh4 g4 58. Bxg4+ Kxg4
59. Ra6 Qd2+ 60. Kg1 Qe1+ 0-1

[Event "NED-ch 1998 sf"]
[Site "Enschede"]
[Date "1998.01.10"]
[Round "8"]
[White "Hartoch, Robert G"]
[Black "Van Haastert, Edwin"]
[Result "1/2-1/2"]
[WhiteElo "2320"]
[BlackElo "2335"]
[PlyCount "23"]
[EventDate "1998.01.03"]
[Source "ChessBase"]
[SourceDate "1998.03.09"]

1. Nf3 Nf6 2. g3 g6 3. b3 Bg7 4. Bb2 O-O 5. Bg2 a5 6. c4 c6 7. Nc3 d5 8. O-O a4
9. Nxa4 dxc4 10. bxc4 Qa5 11. Nc3 Qh5 12. d3 1/2-1/2

[Event "NED-ch 1998 sf"]
[Site "Enschede"]
[Date "1998.01.10"]
[Round "8"]
[White "Janssen, Gerard"]
[Black "Hopman, Pieter"]
[Result "1/2-1/2"]
[WhiteElo "2165"]
[BlackElo "2265"]
[PlyCount "41"]
[EventDate "1998.01.03"]
[Source "ChessBase"]
[SourceDate "1998.03.09"]

1. c4 Nf6 2. Nc3 c5 3. g3 g6 4. Bg2 Bg7 5. Nf3 Nc6 6. O-O d5 7. d4 O-O 8. cxd5
Nxd5 9. Nxd5 Qxd5 10. Be3 Qd8 11. d5 Ne5 12. Nxe5 Bxe5 13. Bxc5 Bxb2 14. Rb1
Bf6 15. d6 exd6 16. Qxd6 Qxd6 17. Bxd6 Re8 18. e3 Rd8 19. Bc7 Rd2 20. a4 a5 21.
Rfc1 1/2-1/2